000 00394nam a22001577a 4500
003 OSt
008 230222b |||||||| |||| 00| 0 eng d
041 _amal
082 _a791.430932
_bKAT/MA
100 _aKathiravan, Ethiran
_95387
245 _aMalayala cinema ashayavum akhyanavum
250 _I1st
260 _aThiruvananthapuram
_CChintha Publishers
_c2022
300 _a112
942 _cBK
999 _c17632
_d17632